000 00976nam a2200277Ia 4500
003 OSt
005 20220923211316.0
006 a|||||r|||| 00| 0
007 ta
008 220922b |||||||| |||| 00| 0 hin d
020 _a9788181436313 (hbk)
_c400
024 _a348,498
037 _bGV788, 21/02/2019, Vani Prakashan
_cTextual
040 _aARTS
_cARTS
_bhin
041 _2hin
_ahin
082 _a4, 152P5.3
100 _aरविकान्त, संपा.
245 0 _aमीडियानगर 3
_b नेटवर्क संस्कृति
246 _aMīḍiyānagar 03: neṭavarka sanskṛuti
260 _aनयी दिल्ली
_b वाणी प्रकाशन
_c2018
300 _a272पृ.
_ccm.
490 _vभाग 3
650 _aपत्रकारिता
942 _h4, 152P5.3
_cTEXL
_2CC
999 _c298343
_d298343